| 000 | 00592nab#a2200217#c#4500 | ||
|---|---|---|---|
| 999 |
_c19190 _d19190 |
||
| 003 | IEF | ||
| 005 | 20191210182741.0 | ||
| 008 | 950704s1975 uuu|| #####0 b| |u | ||
| 040 |
_aIEF _cES-MaIEF |
||
| 100 | 1 |
_aEngland, Richard _95547 |
|
| 245 |
_aEcología y conflicto social _c Richard England y Barry Bluestone |
||
| 260 | _c1975 | ||
| 500 | _aBibliografía | ||
| 650 | 4 |
_aECOLOGIA _942911 |
|
| 650 | 4 |
_aMEDIO AMBIENTE _947492 |
|
| 700 |
_96158 _aBluestone, Barry |
||
| 773 | 0 |
_tHacienda Pública Española _w34570 _gn. 37, p. 209-224 |
|
| 942 | _2udc | ||
| 942 | _2udc | ||